Long term performance of new generation Hevea clones introduced to Sub-Himalayan West Bengal (Record no. 49123)

MARC details
000 -LEADER
fixed length control field 00488nam a2200181Ia 4500
100 ## - MAIN ENTRY--AUTHOR NAME
Personal name Das G
245 #0 - TITLE STATEMENT
Title Long term performance of new generation Hevea clones introduced to Sub-Himalayan West Bengal
260 ## - PUBLICATION, DISTRIBUTION, ETC. (IMPRINT)
Name of publisher Rubber Science, 32(3)
Year of publication 2019
300 ## - PHYSICAL DESCRIPTION
Number of Pages 283-293
650 ## - SUBJECT ADDED ENTRY--TOPICAL TERM
Topical Term Cold stress
650 ## - SUBJECT ADDED ENTRY--TOPICAL TERM
Topical Term Growth adaptability
650 ## - SUBJECT ADDED ENTRY--TOPICAL TERM
Topical Term Hevea clones
650 ## - SUBJECT ADDED ENTRY--TOPICAL TERM
Topical Term Sub-Himalayan West Bengal
700 ## - ADDED ENTRY--PERSONAL NAME
Personal name Meenakumari T
700 ## - ADDED ENTRY--PERSONAL NAME
Personal name Kumar S
700 ## - ADDED ENTRY--PERSONAL NAME
Personal name Mydin K.K
942 ## - ADDED ENTRY ELEMENTS (KOHA)
Koha item type Bibliography STAF
Holdings
Withdrawn status Lost status Damaged status Not for loan Home library Current library Shelving location Date acquired Serial Enumeration / chronology Koha item type
      Bibliography RRII Library RRII Library Botany 09/04/2014 Volume 32, Issue 3 Bibliography STAF